000 00412nam a2200169Ia 4500
008 230524s9999 xx 000 0 und d
020 _a8120306937
082 _a621.381
_bSEN
100 _aJames A Senn
245 0 _aAnalysis and Design of Information Systems
250 _a2ND
260 _aNEW DELHI
_bMGH
_c1989
300 _aXVII;853
500 _aQuantity Number: 78
650 _aComp-Sc
942 _cBK
999 _c4124
_d4124